01411nab a22002657a 4500999001500000003000400015005001700019008004100036040000700077100003200084245015100116260007300267300001300340500007200353505025900425505008900684650003500773650004400808650004500852650003600897650002800933650003200961773013900993942001301132 c5678d5678OSt20251226231634.0190603e xxum|||| |||| 00| 0 spa d cPJ 96323aAlferillo, Pascual E.13aLas monedas sin curso legal en el régimen monetario argentino. A diez años de vigencia del Código Civil y Comercial /cPascual E. Alferillo. cCiudad Autónoma de Buenos Aires :aThomson Reuters La Ley, b2025. ap. 75-85 aCita: TR LALEY AR/DOC/1770/2025 Publicado en: RCCyC 2025 (agosto). aSumario: I. Introducción.— II. Situación precedente a la sanción del Cód. Civ. y Com.— III. El régimen monetario del Cód. Civ. y Com.— IV. Las modificaciones de los arts. 765 y 766 por el DNU-2023-70-APN-PTE.— V. Reflexiones finales.  t¿Te interesa el texto completo? Solicitalo al correo: koha@justierradelfuego.gov.ar 091497aCODIGO CIVIL Y COMERCIAL 092068aOBLIGACIONES EN MONEDA EXTRANJERA 09530aOBLIGACIONES DE DAR SUMAS DE DINERO 093790aACTUALIZACIÓN MONETARIA 092528aACTOS JURÍDICOS 096629aMONEDA DE CURSO LEGAL0 0271393170dCiudad Autónoma de Buenos Aires : Thomson Reuters La Ley, 2015-tRevista Código Civil y Comercial. Nº 4 - Agosto 2025 2udccANA